000 00645nam a2200169Ia 4500
008 090201s9999 xx 000 0 und d
010 _aKPL-18178
040 _bमराठी
041 _aमराठी
082 _a6852
_b18178
100 _aज द पाठक
245 _aश्रीमद् दासबोधांतर्गत श्री समर्थ चरित्र
_cज द पाठक
260 _c2004
_bशं.श्री.देव
300 _a52
_bमोठा
600 _aश्रीमद् दासबोधांतर्गत श्री समर्थ चरित्र
942 _cBOOK
999 _c207640
_d207640